000 00329nam a22001217a 4500
008 230626b xxu||||| |||| 00| 0 eng d
082 _a332.9
_bJDS
245 _aThe Journal of Development Studies
_bVolume 40
_cNumber 3
260 _aEngland
_bFrank CASS & Co.
_c2004
300 _a193p
440 _n3
_v40
_x0022038
942 _2ddc
_cBK
999 _c2664
_d2664